Loading...
| Fine Arts - Painting and Sculpture | 0 | 6 | 0 | 1 | 60 | 50 | 82.17 | 1 | 4 | 20.11 | 44.44 |
| Science - Biology | 0 | 4 | 0 | 0 | 40 | 22 | 49.50 | 1 | 3 | 22.18 | 33.33 |
| Literature - World | 0 | 4 | 0 | 0 | 40 | 93 | 112.75 | 1 | 3 | 2.79 | 23.02 |
| Fine Arts - Other | 0 | 4 | 0 | 0 | 40 | 102 | 107.25 | 0 | 1 | 1.17 | 16.67 |
| Philosophy | 0 | 4 | 2 | 0 | 30 | 62 | 90.50 | 0 | 2 | 8.63 | 28.23 |
| Literature - European | 0 | 3 | 0 | 0 | 30 | 106 | 110.00 | 0 | 0 | 2.27 | 8.47 |
| Religion | 0 | 3 | 0 | 0 | 30 | 87 | 103.67 | 0 | 0 | 4.36 | 10.05 |
| Social Science | 0 | 2 | 0 | 0 | 20 | 62 | 76.00 | 0 | 1 | 6.64 | 20.63 |
| History - European | 0 | 2 | 0 | 1 | 20 | 105 | 105.50 | 0 | 0 | 0.00 | 3.44 |
| Literature - British | 0 | 2 | 0 | 1 | 20 | 58 | 89.00 | 0 | 1 | 5.31 | 12.17 |
| Science - Chemistry | 0 | 3 | 2 | 0 | 20 | 33 | 54.67 | 0 | 3 | 14.75 | 25.93 |
| Science - Other | 0 | 2 | 0 | 1 | 20 | 102 | 105.00 | 0 | 0 | 2.53 | 3.44 |
| Mythology | 0 | 2 | 1 | 1 | 15 | 76 | 94.50 | 0 | 0 | 3.43 | 11.11 |
| Fine Arts - Classical Music | 0 | 2 | 2 | 0 | 10 | 110 | 112.00 | 0 | 1 | 0.81 | 7.41 |
| History - Other | 0 | 1 | 0 | 0 | 10 | 60 | 60.00 | 0 | 1 | 4.94 | 9.26 |
| History - World | 0 | 1 | 0 | 1 | 10 | 107 | 107.00 | 0 | 0 | 0.00 | 1.85 |
| Science - Physics | 0 | 1 | 1 | 0 | 5 | 104 | 104.00 | 0 | 0 | 0.00 | 3.17 |
| History - American | 0 | 1 | 1 | 1 | 5 | 125 | 125.00 | 0 | 0 | 0.00 | 1.85 |
| Literature - American | 0 | 1 | 1 | 0 | 5 | 72 | 72.00 | 0 | 1 | 4.03 | 5.56 |